John Wick - Quiz Cinéma - Statistiques

Statistiques générales
  • Ce quiz a été pris 29 fois
  • Le résultat moyen est 9 sur 15
Statistiques - réponses
Question Réponse % Correct
Sous quel nom folklorique, Viggo Tarasov, chef de la mafia russe, surnomme-t-il John Wick (dont il a une peur bleue) ? Baba Yaga, le croque-mitaine
96%
Comment se prénomme le chiot femelle Beagle de John Wick, odieusement tué par le mafieux russe Iosef Tarasov dans le 1er volet de la saga ? Daisy
85%
Quelle est la particularité physique de Caine, le tueur mandaté par le marquis de Gramont pour tuer John Wick dans le Chapitre 4 ? ll est aveugle
81%
Quelle est la particularité du Continental de New York, l'établissement hôtelier exclusivement réservé aux assassins ? Toutes ces réponses sont correctes
73%
À la fin de John Wick 3: Parabellum, que fait Winston Scott à la surprise générale ? Il tire sur John Wick, le faisant chuter du toit
69%
Toujours dans le 4e volet de la saga, devant quel monument parisien John Wick abat-il l'infâme marquis Vincent Bisset de Gramont ? Le Sacré-Coeur
69%
Toujours dans John Wick 2, combien de temps Winston Scott accorde-t-il à John Wick avant son excommunication effective après qu'il a abattu d'Antonio dans l'enceinte du Continental ? Une heure
69%
John Wick est un tueur hors pair, mais également un excellent conducteur. Quelle voiture affectionne-t-il tout particulièrement ? La Ford Mustang
62%
Quel réalisateur américain a produit la saga "John Wick" ? Chad Stahelski
58%
Quel acteur incarne "Bowery King", le roi du crime du monde souterrain, qui vient en aide à John Wick dans le 2e épisode de la saga ? Laurence Fishburne
58%
Quel assassin, incarné par Mark Dacascos, est mandaté par l'adjudicatrice pour éliminer John Wick dans le 3e volet de la saga ? Zero
58%
Dans le 2e volet de la saga, de quelle organisation mafieuse italienne Santino d'Antonio (qui demande à John Wick d'exécuter sa soeur) fait-il partie ? La Camorra
46%
Dans le 4e volet de la saga, au cours d'une partie de poker improvisée par Killa Harkan, chef du crime organisé allemand, quelle main spéciale John Wick reçoit-il ? La main du mort (double paire d'as et de 8)
38%
Comment se prénomme le chien de M. Personne qui, contre toute attente, devient un allié objectif de John Wick dans le Chapitre 4 de la saga ? Noisette
38%
Dans John Wick 3: Parabellum, quelle actrice incarne l'adjucatrice de la Grande Table, venue régler ses comptes avec le Continental de New York ? Asia Kate Dillon
15%
Aucun quiz correspondant
Distribution des résultats
% des personnes avec chaque résultat
Percentile par nombre de réponses
Votre historique - résultats
Vous n’avez pas pris ce quiz